PEDIATRIC education for prehospital professionals (PEPP)
Guardat en:
| Format: | Llibre |
|---|---|
| Idioma: | anglès |
| Publicat: |
Jones and Bartlett Publishers
2000
|
| Etiquetes: |
Afegir etiqueta
Sense etiquetes, Sigues el primer a etiquetar aquest registre!
|
MARC
| LEADER | 00000nam a22000007a 4500 | ||
|---|---|---|---|
| 008 | 201222b ||||| |||| 00| 0 eng d | ||
| 020 | |a ISBN: 0-7637-1219-1 | ||
| 245 | |a PEDIATRIC education for prehospital professionals (PEPP) |c American Academy of Pediatrics, |g xv; 344p. | ||
| 250 | |c edited by Ronald Dieckmann, Dena Brownstein, Marianne Gausche-Hill. | ||
| 260 | |b Jones and Bartlett Publishers |c 2000 |h Boston: |i 687186 |l RJ370 .P34 |m Pediatric emergencies |m Pediatric emergency services |m Emergencies – Child |m Emergency medical services - Methods |m Pediatrics | ||
| 942 | |a lcc |c BK |e Olagoke,M.A |f 22/12/2020 | ||
| 952 | |0 0 |1 0 |2 lcc |4 0 |6 RJ0370 P34 |7 0 |9 1102 |a HOL |b HOL |c QZ |d 2020-12-22 |l 0 |o RJ370 .P34 |p 2020-230315 |r 2020-12-22 00:00:00 |w 2020-12-22 |y BK | ||
| 999 | |c 574 |d 574 | ||